期刊信息 |
| 索取号 |
D9/FSHYJ
|
| 题名 |
法商研究
|
| 作者 |
法商研究编辑部
|
| 分册号 |
|
| 分册名 |
|
| 出版地 |
湖北
|
| 出版者 |
法商研究编辑部
|
| 标准刊号 |
1672-0393
|
| 出版频率 |
双月刊
|
| 中图法分类 |
D9
|
| 主题词 |
法律
|
| 电子资源 | |
| |
|
| 000 | 00580nas0 2200217 45 | |
| 001 | 0552754062 | |
| 005 | 20070422142254.57 | |
| 010 | @d18 | |
| 011 | @a1672-0393@dCNY18.00(2005) | |
| 091 | @aCN42-5055/D | |
| 092 | @b38-43 | |
| 100 | @a20051129d km y0chiy0120 ea | |
| 101 | 0 | @achi |
| 200 | 1 | @a法商研究@AFa Shang Yan Jiu@f法商研究编辑部@FFa Shang Yan Jiu Bian Ji Bu |
| 210 | @a湖北@c法商研究编辑部 | |
| 326 | @a双月刊 | |
| 606 | 0 | @a法律 |
| 690 | @aD9@v4 | |
| 711 | 0 | @a法商研究编辑部@AFa Shang Yan Jiu Bian Ji Bu |
| 801 | 0 | @aCN@bPFT@c20070422 |
| 905 | @aTJWY@dD9@eFSHYJ | |
| 法商研究/法商研究编辑部.-湖北:法商研究编辑部 |
| 18 ISSN 1672-0393:CNY18.00(2005) |
| ● |
| 相关链接: |
|
|
|
|